Utamaro : das Porträt im japanischen Holzschnitt /

Main Author: Hájek, Lubor, 1921-2000
Other Authors: Forman, Werner, 1921-2010, Chotaš, Norbert
Language: German
Published: Praha : Artia, 1958
Physical Description: 86 s., 58 s. barev. obr. příl. : il. ; 4°
Book
Saved in:
LEADER 01278nam a22003612a 4500
001 001749288
003 CZ BrMZK
005 20200622082803.0
007 ta
008 200515s1958 xr af er|||||||||||ger d
015 |a cnb000729281 
035 |a (OCoLC)34350260 
040 |a ABA001  |b cze  |c KLG001  |d ABA001  |d BOA001 
041 1 |a ger  |h cze 
072 7 |a 76  |x Grafické umění. Grafika  |2 Konspekt  |9 21 
080 9 |a 761.1  |2 MRF 
080 |a (520)  |2 MRF 
080 |a (048.8)  |2 MRF 
080 |a (084.11)  |2 MRF 
100 1 |a Hájek, Lubor,  |d 1921-2000  |7 jk01033069  |4 aut 
245 1 0 |a Utamaro :  |b das Porträt im japanischen Holzschnitt /  |c Fotografien Werner Forman ; [průvodní] Text von Lubor Hájek ; Deutsch von Norbert Chotaš 
260 |a Praha :  |b Artia,  |c 1958 
300 |a 86 s., 58 s. barev. obr. příl. :  |b il. ;  |c 4° 
500 |a Přeloženo z češtiny 
650 0 7 |a dřevoryty  |7 ph119746  |z Japonsko  |2 czenas 
655 7 |a monografie  |7 fd132842  |2 czenas 
655 7 |a obrazové publikace  |7 fd132947  |2 czenas 
700 1 |a Forman, Werner,  |d 1921-2010  |7 jk01031570  |4 pht 
700 1 |a Chotaš, Norbert  |4 trl 
910 |a BOA001  |b 3-0406.332 
990 |a BK 
991 |b 202005 
996 7 |b 2618880867  |c 3-0406.332  |l MZK  |r Sklad / do 1 hodiny  |n 0  |w 001801629  |u 000010  |a 1  |e BOA001  |j MZK50  |s A